| 000 | 00676nam a2200217 u 4500 | ||
|---|---|---|---|
| 005 | 20210223132908.0 | ||
| 008 | 160428s2008 ag r 000 0 spa d | ||
| 020 | _a9789871217175 | ||
| 035 | _aUPN01000209904 | ||
| 049 | _aI | ||
| 050 | 4 |
_aQL88 _bB3.2 |
|
| 100 | 1 |
_aBaredes, Carla _936464 |
|
| 245 | 1 | 0 |
_aAnimales extinguidos del 1 al 10 / _cCarla Baredes, Ileana Lotersztain ; il. Gustavo Encina. |
| 260 |
_aBuenos Aires : _bIamiqué, _c2008. |
||
| 300 |
_a[24] p. : _bil. col. |
||
| 440 | 0 | _aCiencia para contar | |
| 650 | 4 |
_aANIMALES EXTINTOS - _vLITERATURA JUVENIL _98859 |
|
| 700 | 1 |
_aLotersztain, Ileana, _d1972- _939838 |
|
| 905 | _aInfantil | ||
| 999 |
_c182005 _d182005 |
||